| 000 | 00540nam a22001937a 4500 | ||
|---|---|---|---|
| 005 | 20251108175552.0 | ||
| 008 | 250721s2014 xx 000 0 ara d | ||
| 082 | 1 | 4 | _a158/عرف |
| 100 | 1 | _aشريف، عرفة | |
| 245 | 1 | 0 | _aكيف تصبح إنساناً ؟ / |
| 250 | _aط5 | ||
| 264 | 1 |
_aالقاهرة : _bالدار المصرية اللبنانية، _c2014. |
|
| 300 | _a357ص. | ||
| 650 | 1 | 7 | _aعلم النفس التطبيقي |
| 650 | 1 | 7 | _aالرضا |
| 650 | 1 | 7 | _aالنجاح |
| 942 |
_2ddc _cBK |
||
| 999 |
_c137184 _d137184 |
||